000 00405nam a2200145Ia 4500
008 211109s9999||||xx |||||||||||||| ||und||
082 _a821
_bROB-F
100 _aMichael, Roberts
245 0 _aFaber Book of Modern Verse
260 _bFaber & Faber
_aLondon
_c1908
300 _a431p.
630 _xGENERAL STACK
650 _aEnglish Literature
_vEnglish Poetry/ verse
_xLiteratureEnglish
942 _cBOOK
999 _c86200
_d86200